000 00508ntaaa2200193 4500
003 01
005 20251027201748.0
008 0714s1973 ag 01
040 _aAR-BaBN
_bspa
_cAR-BaBN
_eaacr
_dRIC
082 _a240.0000 H87
100 _aHuegel, Federico J.
_911818
245 _aVida de su vida
250 _a1 ed.
260 _aBuenos Aires :
_bAurora,
_c1950
300 _a204 p
500 _aMensajes sobre la vida cristiana, una participación con Cristo
650 _avida cristiana
942 _cBK
999 _c12305
_d12305